| 000 | 00927nam a22002297a 4500 | ||
|---|---|---|---|
| 999 |
_c1751 _d1751 |
||
| 003 | AR-CdUCM | ||
| 008 | 190227b ||||| |||| 00| 0 spa d | ||
| 040 |
_aMUNICIPALIDAD PROVINCIAL DEL CUSCO _cBIBLIOTECA MUNICIPAL DEL CUSCO |
||
| 041 | _hita | ||
| 082 |
_a082 / _bM11 |
||
| 100 |
_aRamo, Luciano _96436 |
||
| 245 | _aHistoria de las variedades / | ||
| 260 |
_aMéxico, D.F : 1961. _bUnión Tipográfica Editorial Hispano-Americana, _c1961. |
||
| 300 |
_a178 paginas ; _bIlustraciónes en blanco y negro. _c17 cm. |
||
| 505 | _aDel café de los músicos al "Variates" -- Las bellas de "La belle epoque" -- Los otros grandes "music halls" -- Las variedades en Italia - Materia prima : la canción... | ||
| 650 |
_aHistoria Ilatiana _96437 |
||
| 650 |
_aMúsica Francesa _96438 |
||
| 650 |
_aLiteratura mundial _96439 |
||
| 700 |
_aSamper, Baltasar (Traducción) _96440 |
||
| 942 |
_2ddc _cLIBROS |
||
| 945 |
_awnts _d2019-02-27 |
||